Hodnotenie rizika v procese rozhodovania rôznych podnikateľských subjektov
Pre hodnotenie rizika podnikateľského projektu sa častokrát využíva čistá súčasná hodnota podnikateľského projektu a následne sa určuje pomocou počítačovej podpory pravdepodobnosť nastania tejto situácie. Rozdelenie pravdepodobnosti čistej súčasnej hodnoty. Výpočet čistej súčasnej hodnoty (ČSH). Hod...
Na minha lista:
| Autor principal: | |
|---|---|
| Formato: | Capítulo de Livro |
| Idioma: | eslovaco |
| Assuntos: | |
| Tags: |
Sem tags, seja o primeiro a adicionar uma tag!
|
MARC
| LEADER | 00000naa$a2200000$$$4500 | ||
|---|---|---|---|
| 001 | 0050949 | ||
| 005 | 20240502071605.0 | ||
| 041 | 0 | |a slo | |
| 044 | |a SK | ||
| 245 | 1 | 0 | |a Hodnotenie rizika v procese rozhodovania rôznych podnikateľských subjektov |c Michaela Vasiľová |
| 520 | |a Pre hodnotenie rizika podnikateľského projektu sa častokrát využíva čistá súčasná hodnota podnikateľského projektu a následne sa určuje pomocou počítačovej podpory pravdepodobnosť nastania tejto situácie. Rozdelenie pravdepodobnosti čistej súčasnej hodnoty. Výpočet čistej súčasnej hodnoty (ČSH). Hodnotenie rizika z pozície banky. Ohodnotenie prijateľnosti rizika poskytovaných úverov. Hodnotenie rizika z pozície investora. Miery výkonnosti upravené o úroveň rizika. | ||
| 610 | 2 | 0 | |a podnikanie |
| 610 | 2 | 0 | |a projekty |
| 610 | 2 | 0 | |a investície |
| 610 | 2 | 0 | |a financovanie |
| 610 | 2 | 0 | |a riziko finančné |
| 610 | 2 | 0 | |a hodnota |
| 610 | 2 | 0 | |a výnosy |
| 610 | 2 | 0 | |a banky |
| 610 | 2 | 0 | |a úver |
| 610 | 2 | 0 | |a výkonnosť |
| 100 | 1 | |a Vasilová, Michaela | |